Tiếng sét xanh = Double standards
Đã lưu trong:
| 主要作者: | |
|---|---|
| 格式: | 图书 |
| 语言: | Undetermined |
| 出版: |
Hà Nội
Văn Học
1999
|
| 主题: | |
| 标签: |
添加标签
没有标签, 成为第一个标记此记录!
|
| Thư viện lưu trữ: | Trung tâm Học liệu Trường Đại học Cần Thơ |
|---|
| LEADER | 00536nam a2200181Ia 4500 | ||
|---|---|---|---|
| 001 | CTU_34441 | ||
| 008 | 210402s9999 xx 000 0 und d | ||
| 082 | |a 813.5 | ||
| 082 | |b M169 | ||
| 100 | |a Judith McNaught | ||
| 245 | 0 | |a Tiếng sét xanh | |
| 245 | 0 | |b = Double standards | |
| 245 | 0 | |c Judith McNaught, Ngô Phan | |
| 260 | |a Hà Nội | ||
| 260 | |b Văn Học | ||
| 260 | |c 1999 | ||
| 650 | |a american fiction - 20th century,american literature - 20th century | ||
| 980 | |a Trung tâm Học liệu Trường Đại học Cần Thơ | ||